000 01027cam a22001814a 4500
005 20250605164125.0
008 250528s ||||||||||||||||||||||||d
035 _a18411
040 _aGR-AtMCL
_bgre
_dGR-AtMCL
_eAACR2
245 1 _aΠεριγραφική Στατιστική
260 _bInterbooks,
_c1993
300 _a344
520 _aΕισαγωγή, Συλλογή Στατιστικών Στοιχείων, Παρουσίαση Στατιστικών Στοιχείων, Εμπειρικές Κατανομές Συχνοτήτων μιας Μεταβλητής, Παράμετροι Μονομεταβλητών Πληθυσμών, Διασπορά, Ασσυμετρία - Κύρτωση, Παλινδρόμηση και Συσχέτιση Δύο Μεταβλητών, Πολλαπλή Παλινδρόμηση και Συσχέτιση, Χρονολογικές Σειρές, Αριθμοδείκτες.
700 1 _aΚιόχος Πέτρος Απ
_92769
942 _cBK
999 _c3772
_d3772